World Capital Anagrams - Sudden Death - Statistics

General Stats
  • This quiz has been taken 383 times
  • The average score is 4 of 15
Answers on the Grid
Answers color-coded by a green-red scale on the quiz's grid according to % correct below.
ndonlo
espari
cowmo
kyoto
jgbein
otwato
autbcres
sawrwa
nktoings
noiha
bmaislad
tpeiia
hoad
ilaman
maddir
sool
obinsl
tahanes
ulindb
ainenv
sulebrs
khesliin
nmooca
damester
 
Answer Stats
Answer % Correct
kyoto
53%
hoad
33%
maddir
32%
sool
31%
sawrwa
30%
ndonlo
29%
ainenv
26%
nmooca
25%
ulindb
24%
ilaman
23%
noiha
23%
obinsl
20%
tpeiia
19%
khesliin
12%
nktoings
6%
No matching quizzes found
Score Distribution
Percent of People with Each Score
Percentile by Number Answered
Your Score History
You have not taken this quiz